Statistiken für Fußballer nach Land #7

Klicken Sie hier um das Quiz zu spielen!

Allgemein

  • Dieses Quiz wurde 543 mal gespielt
  • Das Durchschnittsergebnis liegt bei 14 aus 16

Antwortstatistiken

SpielerLand% Korrekt
John StonesVereinigtes Königreich
99%
Roberto FirminoBrasilien
97%
Paul BreitnerDeutschland
97%
Robert LewandowskiPolen
97%
Sergio AgueroArgentinien
96%
Raphaël VaraneFrankreich
96%
Gerard PiquéSpanien
96%
Dries MertensBelgien
94%
Francesco TottiItalien
94%
Maya YoshidaJapan
90%
Ferenc PuskásUngarn
90%
Jari LitmanenFinnland
88%
Igor AkinfejewRussland
83%
Aleksandar KolarovSerbien
71%
Karel PoborskýTschechien
67%
Ola ToivonenSchweden
61%

Verteilung der Resultate

Perzentil nach korrekt beantworteten Fragen

Anzahl Personen mit jedem Resultat

Ihre Resultats-Entwicklung

Sie haben dieses Quiz noch nicht gespielt